000 00994cam a22003013a 4500
001 12022
003 PGUSA
005 20140828083243.0
008 040401s2004||||xxu|||||s|||||000 | eng d
040 _aPGUSA
_beng
042 _adc
050 4 _aE151
100 1 _aDowsett, C. F.
_q(Charles Finch),
_d1835-1915
245 1 2 _aA start in life. A journey across America. Fruit farming in California
_h[electronic resource] /
_cC. F. Dowsett
260 _bProject Gutenberg,
_c2004
506 _aPublic domain in the USA.
516 _aElectronic text
653 _aReal estate development -- California
653 _aCalifornia -- Description and travel
653 _aFruit-culture -- California
653 _aEthnic groups -- California
653 _aUnited States -- Description and travel
653 _aAgriculture -- California
653 _aUrbanization -- California
830 0 _aProject Gutenberg
_v12022
856 4 0 _uhttp://www.gutenberg.org/ebooks/12022
942 _cEB
999 _c241277
_d241277